[Event "WCO 2016"]
[Site "?"]
[Date "2016.09.09"]
[Round "7"]
[Board "34"]
[WhiteID "4144198"]
[White "Aleksandrova Aleksandra"]
[BlackID "14105870"]
[Black "Dolzhikova Olga"]
[Result "1-0"]
[BlackElo "2167"]
[WhiteElo "1848"]
[LiveChessVersion "1.4.8"]

1. Nf3 {[%clk 1:30:55]} Nf6 {[%clk 1:30:45]} 2. d4 {[%clk 1:30:44]} e6
{[%clk 1:31:01]} 3. e3 {[%clk 1:30:55]} b6 {[%clk 1:29:44]} 4. Bd3
{[%clk 1:31:07]} Bb7 {[%clk 1:29:56]} 5. Nbd2 {[%clk 1:31:29]} c5
{[%clk 1:29:06]} 6. c3 {[%clk 1:28:28]} cxd4 {[%clk 1:20:04]} 7. exd4
{[%clk 1:28:40]} Be7 {[%clk 1:16:33]} 8. Qc2 {[%clk 1:28:27]} d5 {[%clk 1:05:01]}
9. O-O {[%clk 1:27:29]} O-O {[%clk 1:03:25]} 10. Re1 {[%clk 1:27:39]} Nc6
{[%clk 1:00:47]} 11. Ne5 {[%clk 1:26:52]} Rc8 {[%clk 1:00:51]} 12. Qb1
{[%clk 1:26:39]} h6 {[%clk 0:56:44]} 13. a4 {[%clk 1:24:41]} Nxe5
{[%clk 0:51:54]} 14. Rxe5 {[%clk 1:19:07]} Qc7 {[%clk 0:39:09]} 15. Re2
{[%clk 0:59:26]} Bd6 {[%clk 0:34:07]} 16. g3 {[%clk 0:42:10]} Rfe8
{[%clk 0:23:19]} 17. f4 {[%clk 0:31:29]} Nd7 {[%clk 0:19:52]} 18. Nf3
{[%clk 0:29:47]} f6 {[%clk 0:19:44]} 19. Bd2 {[%clk 0:28:48]} e5 {[%clk 0:17:09]}
20. fxe5 {[%clk 0:26:32]} fxe5 {[%clk 0:17:30]} 21. Bg6 {[%clk 0:14:30]} Re7
{[%clk 0:12:56]} 22. Bh7+ {[%clk 0:10:53]} Kh8 {[%clk 0:13:01]} 23. Nh4
{[%clk 0:10:53]} e4 {[%clk 0:12:02]} 24. Bf5 {[%clk 0:10:21]} Rf7
{[%clk 0:06:17]} 25. Ng6+ {[%clk 0:08:09]} Kh7 {[%clk 0:06:31]} 26. Qf1
{[%clk 0:06:50]} Ba6 {[%clk 0:05:10]} 27. Ne5+ {[%clk 0:06:47]} Kg8
{[%clk 0:03:51]} 28. Nxf7 {[%clk 0:04:38]} Bxe2 {[%clk 0:03:51]} 29. Nxh6+
{[%clk 0:04:45]} gxh6 {[%clk 0:03:45]} 30. Qxe2 {[%clk 0:05:08]} Rd8
{[%clk 0:01:11]} 31. Qg4+ {[%clk 0:04:23]} Kh8 {[%clk 0:01:19]} 32. Qg6
{[%clk 0:03:27]} Nf8 {[%clk 0:01:17]} 33. Qxh6+ {[%clk 0:03:17]} Nh7
{[%clk 0:01:02]} 34. Bxh7 {[%clk 0:03:13]} 1-0

[Event "WCO 2016"]
[Site "?"]
[Date "2016.09.09"]
[Round "7"]
[Board "35"]
[WhiteID "1501909"]
[White "Hagesather Ellen"]
[BlackID "4121929"]
[Black "Melnik Galina"]
[Result "1-0"]
[BlackElo "1915"]
[WhiteElo "2139"]
[LiveChessVersion "1.4.8"]

1. Nf3 {[%clk 1:30:55]} d5 {[%clk 1:30:38]} 2. g3 {[%clk 1:31:13]} Nf6
{[%clk 1:30:11]} 3. Bg2 {[%clk 1:31:35]} Bf5 {[%clk 1:29:21]} 4. b3
{[%clk 1:30:03]} e6 {[%clk 1:29:09]} 5. Bb2 {[%clk 1:29:12]} Nbd7
{[%clk 1:28:37]} 6. O-O {[%clk 1:28:03]} Bd6 {[%clk 1:27:45]} 7. d3
{[%clk 1:26:35]} O-O {[%clk 1:26:21]} 8. Nh4 {[%clk 1:24:42]} Bg4
{[%clk 1:21:37]} 9. Qe1 {[%clk 1:22:43]} Be7 {[%clk 1:13:34]} 10. e4
{[%clk 1:16:50]} dxe4 {[%clk 1:09:48]} 11. dxe4 {[%clk 1:17:04]} Ne8
{[%clk 1:09:08]} 12. Nf3 {[%clk 1:17:14]} Bxf3 {[%clk 1:07:23]} 13. Bxf3
{[%clk 1:17:29]} e5 {[%clk 1:07:36]} 14. Nd2 {[%clk 1:16:38]} Nd6
{[%clk 1:04:20]} 15. Rd1 {[%clk 1:15:16]} Re8 {[%clk 0:50:57]} 16. Qe2
{[%clk 1:05:20]} Bf8 {[%clk 0:44:43]} 17. Rfe1 {[%clk 0:59:20]} Qg5
{[%clk 0:34:48]} 18. h4 {[%clk 0:52:41]} Qh6 {[%clk 0:31:04]} 19. Nf1
{[%clk 0:49:35]} Nf6 {[%clk 0:23:32]} 20. Bc1 {[%clk 0:49:07]} 1-0

[Event "WCO 2016"]
[Site "?"]
[Date "2016.09.09"]
[Round "7"]
[Board "36"]
[WhiteID "4134877"]
[White "Kaydanovich Marina"]
[BlackID "1513621"]
[Black "Machlik Monika"]
[Result "0-1"]
[BlackElo "2060"]
[WhiteElo "1809"]
[LiveChessVersion "1.4.8"]

1. d4 {[%clk 1:30:57]} Nf6 {[%clk 1:30:55]} 2. c4 {[%clk 1:31:15]} e6
{[%clk 1:31:18]} 3. Nc3 {[%clk 1:31:22]} Bb4 {[%clk 1:31:43]} 4. Qc2
{[%clk 1:31:05]} O-O {[%clk 1:31:36]} 5. Bg5 {[%clk 1:31:05]} c5 {[%clk 1:29:13]}
6. dxc5 {[%clk 1:30:23]} h6 {[%clk 1:27:15]} 7. Bh4 {[%clk 1:27:04]} Nc6
{[%clk 1:15:47]} 8. e3 {[%clk 1:26:39]} Bxc5 {[%clk 1:14:50]} 9. a3
{[%clk 1:24:30]} Be7 {[%clk 1:13:22]} 10. Nf3 {[%clk 1:24:13]} d6
{[%clk 1:06:30]} 11. Be2 {[%clk 1:24:05]} a6 {[%clk 1:05:19]} 12. O-O
{[%clk 1:23:23]} Qc7 {[%clk 1:03:01]} 13. e4 {[%clk 1:20:41]} Bd7
{[%clk 0:49:00]} 14. b4 {[%clk 1:20:10]} Rac8 {[%clk 0:47:42]} 15. Rac1
{[%clk 1:19:57]} Rfd8 {[%clk 0:43:00]} 16. Rfd1 {[%clk 1:19:32]} Be8
{[%clk 0:40:28]} 17. h3 {[%clk 1:14:36]} Nh5 {[%clk 0:25:29]} 18. Bxe7
{[%clk 1:14:00]} Qxe7 {[%clk 0:24:37]} 19. Qd2 {[%clk 1:04:37]} Nf6
{[%clk 0:23:52]} 20. Qe3 {[%clk 1:03:28]} Nd7 {[%clk 0:22:03]} 21. Nd2
{[%clk 0:58:35]} Nf6 {[%clk 0:18:44]} 22. f4 {[%clk 0:49:12]} e5 {[%clk 0:14:37]}
23. f5 {[%clk 0:47:46]} Nd4 {[%clk 0:14:12]} 24. Bf1 {[%clk 0:45:57]} b5
{[%clk 0:13:45]} 25. Nd5 {[%clk 0:45:30]} Nxd5 {[%clk 0:10:44]} 26. cxd5
{[%clk 0:45:18]} f6 {[%clk 0:06:47]} 27. g4 {[%clk 0:40:58]} Qb7 {[%clk 0:06:26]}
28. Kg2 {[%clk 0:40:10]} Rc7 {[%clk 0:05:43]} 29. Nb3 {[%clk 0:37:24]} Nc2
{[%clk 0:02:32]} 30. Qd3 {[%clk 0:36:15]} Rdc8 {[%clk 0:02:22]} 31. Na1
{[%clk 0:22:26]} Ne1+ {[%clk 0:02:00]} 32. Rxe1 {[%clk 0:22:33]} Rxc1
{[%clk 0:02:27]} 33. Rxc1 {[%clk 0:22:08]} Rxc1 {[%clk 0:02:55]} 34. Nb3
{[%clk 0:18:59]} Rc7 {[%clk 0:02:44]} 35. Kf2 {[%clk 0:19:02]} Qc8
{[%clk 0:02:29]} 36. Ke1 {[%clk 0:18:17]} Rc3 {[%clk 0:02:04]} 37. Qb1
{[%clk 0:13:17]} Re3+ {[%clk 0:02:23]} 38. Kd1 {[%clk 0:12:47]} Qc3
{[%clk 0:01:39]} 39. Nd2 {[%clk 0:12:58]} Qxa3 {[%clk 0:01:14]} 40. Kc2
{[%clk 0:42:00]} Qa4+ {[%clk 0:31:06]} 0-1

[Event "WCO 2016"]
[Site "?"]
[Date "2016.09.09"]
[Round "7"]
[Board "25"]
[WhiteID "12600555"]
[White "Kukula Esi"]
[BlackID "20700130"]
[Black "Mkhonto Nosimilo"]
[Result "0-1"]
[BlackElo "1392"]
[WhiteElo "1264"]
[LiveChessVersion "1.4.8"]

1. e4 {[%clk 1:30:52]} b6 {[%clk 1:30:56]} 2. Nc3 {[%clk 1:30:16]} Bb7
{[%clk 1:31:13]} 3. d4 {[%clk 1:26:15]} e6 {[%clk 1:31:29]} 4. Nf3
{[%clk 1:21:30]} Bb4 {[%clk 1:31:38]} 5. Bd2 {[%clk 1:20:48]} Be7
{[%clk 1:30:29]} 6. g3 {[%clk 1:14:10]} Nf6 {[%clk 1:30:39]} 7. h3
{[%clk 1:13:55]} Nxe4 {[%clk 1:30:53]} 8. Nxe4 {[%clk 1:10:58]} Bxe4
{[%clk 1:31:14]} 9. Bd3 {[%clk 1:10:40]} Bxd3 {[%clk 1:30:12]} 10. cxd3
{[%clk 1:10:54]} c5 {[%clk 1:30:22]} 11. O-O {[%clk 1:01:14]} cxd4
{[%clk 1:30:39]} 12. Nxd4 {[%clk 0:58:40]} Nc6 {[%clk 1:26:10]} 13. Nf3
{[%clk 0:58:39]} O-O {[%clk 1:26:18]} 14. Kg2 {[%clk 0:58:54]} Rc8
{[%clk 1:26:01]} 15. a3 {[%clk 0:58:04]} Bf6 {[%clk 1:25:51]} 16. Bc3
{[%clk 0:52:47]} Bxc3 {[%clk 1:26:04]} 17. bxc3 {[%clk 0:53:14]} Ne7
{[%clk 1:26:19]} 18. Rc1 {[%clk 0:52:14]} Ng6 {[%clk 1:25:38]} 19. Re1
{[%clk 0:48:42]} Qf6 {[%clk 1:25:28]} 20. Re4 {[%clk 0:42:45]} Rxc3
{[%clk 1:25:04]} 21. a4 {[%clk 0:42:19]} Rxc1 {[%clk 1:24:17]} 22. Qxc1
{[%clk 0:40:44]} h6 {[%clk 1:23:55]} 23. Qc7 {[%clk 0:39:07]} d5 {[%clk 1:23:27]}
24. Rb4 {[%clk 0:37:27]} Qe7 {[%clk 1:21:45]} 25. Qc3 {[%clk 0:36:30]} e5
{[%clk 1:15:29]} 26. d4 {[%clk 0:31:00]} e4 {[%clk 1:13:27]} 27. Ne5
{[%clk 0:29:20]} Nxe5 {[%clk 1:13:18]} 28. dxe5 {[%clk 0:29:42]} f6
{[%clk 1:13:00]} 29. exf6 {[%clk 0:29:34]} Qxf6 {[%clk 1:12:56]} 30. Qd4
{[%clk 0:28:14]} Qxd4 {[%clk 1:13:08]} 31. Rxd4 {[%clk 0:28:40]} Rd8
{[%clk 1:13:25]} 32. g4 {[%clk 0:27:24]} Kf7 {[%clk 1:13:20]} 33. h4
{[%clk 0:26:55]} a6 {[%clk 1:12:06]} 34. h5 {[%clk 0:27:17]} b5 {[%clk 1:10:41]}
35. a5 {[%clk 0:26:29]} Ke6 {[%clk 1:10:03]} 36. Kg3 {[%clk 0:24:14]} Rb8
{[%clk 1:10:05]} 37. Kf4 {[%clk 0:22:45]} b4 {[%clk 1:10:14]} 38. Rd2
{[%clk 0:21:35]} b3 {[%clk 1:08:27]} 39. Rb2 {[%clk 0:22:02]} Rb4
{[%clk 1:08:42]} 40. g5 {[%clk 0:49:21]} e3+ {[%clk 1:38:30]} 41. Kf3
{[%clk 0:48:56]} exf2 {[%clk 1:37:58]} 42. Kxf2 {[%clk 0:49:04]} hxg5
{[%clk 1:37:23]} 43. Kg3 {[%clk 0:44:48]} d4 {[%clk 1:36:17]} 44. Kg4
{[%clk 0:42:00]} d3+ {[%clk 1:36:25]} 45. Kxg5 {[%clk 0:42:04]} Kf7
{[%clk 1:36:42]} 46. h6 {[%clk 0:39:48]} gxh6+ {[%clk 1:36:57]} 47. Kxh6
{[%clk 0:40:07]} Ke6 {[%clk 1:37:13]} 48. Kg5 {[%clk 0:38:12]} Kd5
{[%clk 1:33:05]} 49. Kf5 {[%clk 0:34:27]} Kd4 {[%clk 1:32:23]} 50. Kf4
{[%clk 0:34:50]} Kc3+ {[%clk 1:32:40]} 51. Ke3 {[%clk 0:32:28]} Kxb2
{[%clk 1:32:34]} 52. Kxd3 {[%clk 0:32:56]} Kc1 {[%clk 1:32:28]} 53. Kc3
{[%clk 0:32:55]} Rb8 {[%clk 1:32:32]} 0-1

[Event "WCO 2016"]
[Site "?"]
[Date "2016.09.09"]
[Round "7"]
[Board "27"]
[WhiteID "12600474"]
[White "Ashley Christiana Naa Merley"]
[BlackID "20700164"]
[Black "Mthethwa Thobile"]
[Result "0-1"]
[BlackElo "1392"]
[WhiteElo "1390"]
[LiveChessVersion "1.4.8"]

1. e4 {[%clk 1:30:48]} c6 {[%clk 1:30:43]} 2. Nf3 {[%clk 1:30:48]} d5
{[%clk 1:30:26]} 3. e5 {[%clk 1:29:19]} Bf5 {[%clk 1:30:34]} 4. d4
{[%clk 1:29:15]} e6 {[%clk 1:28:36]} 5. Be2 {[%clk 1:28:25]} Nd7 {[%clk 1:26:57]}
6. Bf4 {[%clk 1:28:05]} c5 {[%clk 1:23:06]} 7. O-O {[%clk 1:25:00]} cxd4
{[%clk 1:17:16]} 8. Nxd4 {[%clk 1:25:05]} Bg6 {[%clk 1:16:34]} 9. Nc3
{[%clk 1:23:24]} Bc5 {[%clk 1:13:27]} 10. Ncb5 {[%clk 1:19:19]} Qb6
{[%clk 1:02:47]} 11. c4 {[%clk 1:16:30]} O-O-O {[%clk 0:57:00]} 12. Nd6+
{[%clk 1:16:33]} Kb8 {[%clk 0:57:09]} 13. b3 {[%clk 1:14:09]} Bxd4
{[%clk 0:56:53]} 14. Bd3 {[%clk 1:13:43]} Nxe5 {[%clk 0:55:48]} 15. Bxe5
{[%clk 1:12:00]} Bxa1 {[%clk 0:54:20]} 16. Nxf7+ {[%clk 1:10:56]} Bxe5
{[%clk 0:52:31]} 17. Nxh8 {[%clk 1:11:13]} Ne7 {[%clk 0:48:05]} 18. Bxg6
{[%clk 1:07:28]} Nxg6 {[%clk 0:43:59]} 19. Nf7 {[%clk 1:07:10]} Rd7
{[%clk 0:35:04]} 20. Nxe5 {[%clk 1:07:01]} Nxe5 {[%clk 0:35:00]} 21. Qh5
{[%clk 1:06:18]} Nd3 {[%clk 0:25:31]} 22. Qxh7 {[%clk 1:06:11]} dxc4
{[%clk 0:25:26]} 23. bxc4 {[%clk 1:05:57]} Qd4 {[%clk 0:21:33]} 24. Qg8+
{[%clk 1:05:58]} Kc7 {[%clk 0:21:47]} 25. Qxe6 {[%clk 1:06:20]} g5
{[%clk 0:17:02]} 26. h3 {[%clk 1:04:54]} Ne5 {[%clk 0:16:28]} 27. Kh2
{[%clk 1:03:51]} Qxc4 {[%clk 0:13:38]} 28. Qxe5+ {[%clk 1:03:44]} Kd8
{[%clk 0:08:59]} 29. Qxg5+ {[%clk 1:01:59]} Kc8 {[%clk 0:08:47]} 30. Rc1
{[%clk 1:02:21]} Qc7+ {[%clk 0:08:18]} 31. Qg3 {[%clk 1:02:46]} Qxc1
{[%clk 0:09:37]} 32. f4 {[%clk 1:02:35]} Qd2 {[%clk 0:06:37]} 33. Qg8+
{[%clk 1:02:18]} Kc7 {[%clk 0:05:58]} 34. f5 {[%clk 1:02:31]} Qf4+
{[%clk 0:06:00]} 35. Qg3 {[%clk 1:02:29]} Qxg3+ {[%clk 0:06:16]} 36. Kxg3
{[%clk 1:02:50]} Kd6 {[%clk 0:05:55]} 37. Kf4 {[%clk 1:03:08]} Ke7
{[%clk 0:06:16]} 38. g4 {[%clk 1:03:27]} Kf6 {[%clk 0:04:59]} 39. g5+
{[%clk 1:03:32]} Kg7 {[%clk 0:04:50]} 40. f6+ {[%clk 1:33:45]} Kg6
{[%clk 0:34:59]} 41. Ke5 {[%clk 1:34:07]} b5 {[%clk 0:34:05]} 42. Ke6
{[%clk 1:34:13]} Rf7 43. h4 Rh7 {[%clk 0:31:17]} 44. a3 {[%clk 1:34:12]} a5
{[%clk 0:31:33]} 45. h5+ {[%clk 1:34:23]} Kxh5 {[%clk 0:29:45]} 46. f7
{[%clk 1:34:37]} Rxf7 {[%clk 0:28:55]} 47. Kd5 {[%clk 1:29:56]} Kxg5
{[%clk 0:28:31]} 48. Kc5 {[%clk 1:30:15]} Rf5+ {[%clk 0:28:17]} 49. Kb6
{[%clk 1:30:33]} b4 {[%clk 0:27:22]} 50. axb4 {[%clk 1:29:16]} axb4
{[%clk 0:27:28]} 51. Kc6 {[%clk 1:29:38]} b3 {[%clk 0:27:43]} 52. Kd6
{[%clk 1:30:04]} b2 {[%clk 0:27:26]} 53. Ke6 {[%clk 1:30:31]} Ra5
{[%clk 0:27:33]} 54. Kd6 {[%clk 1:30:44]} b1=Q {[%clk 0:27:45]} 55. Ke6
{[%clk 1:31:04]} Qd3 {[%clk 0:27:02]} 56. Ke7 {[%clk 1:31:19]} Kf5
{[%clk 0:26:12]} 57. Kf7 {[%clk 1:31:34]} Qd6 {[%clk 0:25:51]} 58. Kg7
{[%clk 1:31:44]} Ra7+ {[%clk 0:26:07]} 0-1